[Event "Olympiad-41"]
[Site "Tromsoe"]
[Date "2014.08.12"]
[Round "10.1"]
[White "Dominguez Perez, Leinier"]
[Black "Jobava, Baadur"]
[Result "1/2-1/2"]
[WhiteElo "2760"]
[BlackElo "2713"]
[Annotator "Marin,M"]
[PlyCount "85"]
[EventDate "2014.08.02"]
[EventType "team-swiss"]
[EventRounds "11"]
[EventCountry "NOR"]
[SourceTitle "CBM 162"]
[Source "ChessBase"]
[SourceDate "2014.09.17"]
[SourceVersion "1"]
[SourceVersionDate "2014.09.17"]
[SourceQuality "1"]
[WhiteTeam "Cuba"]
[BlackTeam "Georgia"]
[WhiteTeamCountry "CUB"]
[BlackTeamCountry "GEO"]

{It sometimes happens that I try examining the initial position with a
beginner's eyes, after locking up all the experience and knowledge accumulated
over the years in a drawer in the back in my mind. "It is absolutely
symmetrical" is one of the first things I remark, generating the natural
question: "Would it be just dead equal?" But then the drawer opens little by
little and I remember that keeping the symmetry for more than 2-3 moves is
almost impossible for Black if White does not cooperate a bit. And then I
think of so many symmetrical variations which are not drawish at all, not in
practical games, at least. I would gladly skip the next step, when I remember
that in almost all the games when I chose a symmetrical variation with White I
fatally ended up struggling despite my initial extra tempo, or as if White
actually was in zugzwang. This game ended in a draw and it must be more than a
coincidence that the perfect symmetry lasted for quite long. However, White
missed a promising continuation at the critical moment.} 1. e4 e6 2. d4 d5 3.
Nc3 Nc6 $5 {Over the past few years, Jobava has played this rare variation
mainly in rapid and blitz games. Recently, he has used it in two games at the
classical time rate, too.} 4. Nf3 {Dominguez seemed nevertheless surprised by
his opponent's choice, since he invested nearly a quarter of an hour on this
move. It is worth mentioning that most of Jobava's previous games with this
line led to hair-rising complications, but against a technical player like
Leinier the fight will run very smoothly.} ({Since ...c7-c5 is not a threat
anymore,} 4. e5 {is quite logical.} Nge7 5. Nf3 Nf5 6. h4 {To me, this looks
like the most troublesome variation from all those Jobava has faced so far.} (
6. Be2 Be7 7. O-O O-O 8. h3 Bd7 9. Re1 f6 $1 {offers Black easy play. The
trick is that} 10. g4 {allows} Nfxd4 $1 11. Nxd4 fxe5 $44 {With a compact pawn
mass and white weaknesses along the f-file and the whole kingside.} 12. Nxc6 $6
{This only activates the black bishop. The knight should have retreated to b3.}
Bxc6 13. Bf3 Bc5 14. Be3 Rxf3 $1 15. Qxf3 d4 16. Qg3 dxe3 17. fxe3 Qg5 $17 {
Hovhannisyan,R (2597)-Jobava,B (2705) Al Ain 2013 (0-1, 20)}) 6... h5 7. Bg5
Be7 8. Qd2 b6 (8... f6 9. Bf4 {[%csl Ge8]}) 9. O-O-O Bb7 10. g3 Qd7 11. Bh3 g6
{Black must have underestimated his strategic problems after the exchange on
f5.} (11... Nh6 12. Ne2 $14) (11... Bxg5 $5 12. hxg5 Nfe7 {[%cal Ge8c8] looks
safer.}) 12. Bxf5 gxf5 13. Ne2 Ba6 14. Nf4 O-O-O 15. Kb1 Na5 16. b3 Kb7 17. Bf6
Bxf6 18. exf6 {This pawn is not so easy to get.} Rdf8 19. Ne5 Qd8 20. Qe3 Kc8
$2 {[%csl Gd7][%cal Gd8f6] Saric,I (2637)-Jobava,B (2710) Wijk aan Zee 2014 (1/
2-1/2, 50)} 21. c4 $1 $40 dxc4 22. b4 Nb7 23. Qa3 $18) 4... Nf6 5. exd5 {
Without special preparation, this is the most natural reaction to Black's
knight's pressure in the centre.} (5. Bg5 {does not seem to be too troubling.}
Be7 6. Bxf6 (6. e5 Ne4 7. Bxe7 Qxe7 {(0-1, 37) Leko,P (2725)-Morozevich,A 
(2748) Frankfurt 2000 CBM 078 [Finkel,A]}) 6... Bxf6 7. e5 Be7 8. Bb5 Bd7 9.
O-O O-O 10. Re1 Na5 11. Bd3 c5 {A perfect French, is it not?} 12. dxc5 Bxc5 13.
Qd2 Nc6 14. Qf4 f6 15. Qh4 h6 16. exf6 Qxf6 17. Qxf6 Rxf6 $15 {Bologan,V (2681)
-Jobava,B (2711) Beijing (blitz) 2012 (0-1, 30)}) (5. Bd3 Bb4 6. Bg5 dxe4 ({
Deviating from his earlier game:} 6... Ne7 7. Bxf6 gxf6 8. O-O c6 9. Ne2 Ng6
10. c4 dxe4 11. Bxe4 Be7 {This is some sort of typical French Hedgehog if I am
allowed to call it so. Black has two bishops and chances for counterplay in
the long run. The next move is not too threatening.} 12. d5 {Fressinet,L (2700)
-Jobava,B (2711) Beijing (blitz) 2012 (1-0, 31)} f5 $5 13. Bc2 O-O $5) 7. Bxe4
Ne7 8. Bd3 Ned5 9. O-O $5 Nxc3 10. bxc3 Bxc3 11. Rb1 h6 12. Bh4 c6 13. Rb3 Bxd4
14. Bc4 (14. Nxd4 Qxd4 15. Bg3 $44 {[%csl Gc7,Gd6,Ge7]}) 14... Bb6 15. Rd3 Qe7
{White's compensation for two pawns is not that obvious, Caruana,F (2791)
-Jobava,B (2713) Dubai (rapid) 2014 (1-0, 26)}) (5. e5 Ne4 6. Bb5 Bd7 7. Nxe4
dxe4 8. Ng5 Nxe5 9. Bxd7+ Nxd7 10. Nxe4 Be7 11. O-O O-O 12. c3 Nf6 13. Nxf6+
Bxf6 $11 {Kamsky,G (2762)-Jobava,B (2711) Beijing (blitz) 2012 (1/2-1/2, 41)})
5... exd5 {This is the first moment of perfect symmetry. It bears some
similarity with the Petroff Defence structure. The main question in such cases
is for how long can Black maintain this situation and whether it is really
safe to imitate White's moves endlessly.} 6. Bb5 (6. Bd3 {is inoffensive.} Bg4
7. Be3 Bh5 8. Ne2 Bxf3 9. gxf3 Qd7 10. c3 O-O-O 11. Qc2 g6 $11 {Frolyanov,D 
(2563)-Jobava,B (2702) Moscow (rapid) 2013 (1/2-1/2, 32)}) 6... Bb4 {Black
needs to create the same kind of queenside threat as White.} ({In a famous old
game, the last from the 1971 Candidates' Final, Black got himself only
troubles with the passive:} 6... Bg4 $6 7. h3 Bxf3 8. Qxf3 Be7 9. Bg5 a6 10.
Bxc6+ bxc6 11. O-O O-O 12. Rfe1 $14 {[%csl Gc5,Gc6,Gc7] Fischer,R (2760)
-Petrosian,T (2640) Buenos Aires 1971 (1-0, 46)}) 7. O-O {Leinier castled
after 25 minutes of thought.} ({He might have been tempted to break the
symmetry with} 7. Ne5 {, when White's extra move would allow him to deliver
the first check if Black kept playing the corresponding moves. He might have
concluded, though, that Black would get enough compensation for the pawn after}
O-O 8. O-O (8. Nxc6 bxc6 9. Bxc6 Ba6 10. Bxa8 Qe7+ 11. Be3 Rxa8 $36) 8... Nxe5
9. dxe5 Bxc3 10. bxc3 Ne4 $11 {Miles,A (2560)-Darga,K (2470) Germany 1985 (1/
2-1/2, 32)}) 7... O-O 8. Bxc6 (8. Bg5 Bxc3 9. bxc3 Qd6 {allowed Black to
double White's pawns while keeping his own structural integrity. White's
initiative in the next phase will be temporary, leading to a better ending for
Black.} 10. Bxc6 Qxc6 11. Bxf6 Qxf6 12. Ne5 Qd6 13. Re1 b6 14. Qf3 f6 15. Nd3
Ba6 16. Nf4 Bc4 17. Re6 Qd7 18. h4 Rae8 19. Rxe8 Rxe8 $15 {Leko,P (2732)
-Jobava,B (2711) Beijing (blitz) 2012 (1-0, 71)}) 8... bxc6 9. Ne5 Bxc3 {
The first debatable moment.} (9... c5 $5 {looks like a better chance not only
for equality, but also for adequate counterplay. This has been played in a few
games, most of them between lower rated players, the most significant being:}
10. dxc5 Bxc5 11. Bg5 {Jeitz,C (2235)-Stupak,K (2502) Plovdiv 2010 (0-1, 21)}
Be6 $5 $11 {The position is typical for... the Scotch Defence!}) 10. bxc3 Ne4
$6 {Five more moves have passed and White has not managed to rid himself of
the increasingly irritating symmetry. But maybe this was a good time for Black
to step away from it!} (10... Ba6 $5 11. Re1 Re8 12. Nxc6 (12. f3 Re6 $11 {
[%cal Gf6d7]} 13. Bg5 h6 14. Bh4 Qd6 {[%cal Gf6d7]} 15. Bg3 Rae8 16. Qd2 Qa3
$11) (12. Qf3 h6 13. Ba3 Re6) 12... Rxe1+ 13. Qxe1 Qd7 14. Ne5 Qa4 15. f3 Re8
16. Qf2 Nd7 $44) 11. f3 {Not even this forcing move was able to stop Black
from his policy of imitation.} f6 $5 $146 (11... Nxc3 {would be equivalent
with releasing the tension, allowing White to take over the initiative.} 12.
Qd3 Na4 13. Qa3 Nb6 14. Nxc6 Qd6 (14... Qe8 15. Qc5 {leaves White with a
dominating position.}) 15. Qxd6 cxd6 16. Bf4 {Kosintseva,N (2493)-Zhukova,N 
(2457) Ningbo 2009 (1-0, 46). Black loses one of the doubled pawns, although
the opposite-coloured bishops allow him to hope for a draw.}) 12. Ba3 $1 {
Finally a move that cannot be imitated!} (12. fxe4 fxe5 {would be dead equal.})
12... Nd6 (12... Ba6 $2 {loses material since after} 13. fxe4 {the f6-pawn is
pinned. For instance:} Bxf1 14. Nxc6 Qd7 15. Ne7+ Kh8 16. Qxf1) 13. Nxc6 {
White wins a pawn, but Black probably relied on the same applying as on 11...
Nxc3 examined above. The knight gets on to an unfavourable path and Black gets
some time for developing, with satisfactory compensation.} Qd7 ({With
hindsight, it is easy to recommend} 13... Qe8 $5 14. Bxd6 cxd6 15. Nb4 Be6 16.
Re1 Qc8 {followed by ...Re8, ...Qc7, ...Bf7, etc. White's extra pawn is not
very safe and does not have much meaning yet. And the bishop surely stands
better on f7 than on b7.}) 14. Bxd6 cxd6 $5 {David Bronstein wrote that he
enjoyed playing with doubled pawns because this meant having more open files
for his rooks! By opening the c-file Jobava more or less ensures retrieving
the c3-pawn.} 15. Nb4 Bb7 {Believe it or not, this "bad bishop" will end up
dominating a white rook!} 16. Qd2 Rfc8 17. Rfe1 (17. Nd3 $1 {would have caused
Black problems retrieving the pawn. If} Qc7 18. Rae1 Qxc3 $2 19. Re8+ Kf7 20.
Qe3 $3 {Not an easy move to find in advance, I admit.} Rxe8 21. Ne5+ {[%cal
Ge3c3]}) 17... Qc7 18. Rab1 {A subtle move, developing the last piece with no
obvious beneffit so far.} (18. Re3 {doesn't save the pawn due to} a5 19. Nd3
Qxc3) 18... Qxc3 19. Re8+ $6 {This spectacular move does not win material
because the a8-rook is defended. In the ensuing endgame Black will have little
trouble maintaining equality.} ({The critical continuation was the simple} 19.
Qxc3 Rxc3 20. Re7 a5 ({Suddenly, the rook's presence on b1 makes itself felt
by preventing} 20... Rb8 $2 {due to} 21. Nxd5 {or 21.Na6.}) 21. Rxb7 axb4 22.
R1xb4 {And now the rook becomes active along the b-file. White threatens the
unpleasant rook doubling along the c-file, for instance} Rxc2 23. Rd7 h5 24.
Rbb7 g5 25. a4 {Pawns are equal, but Black's position is at least unpleasant.})
19... Kf7 20. Qxc3 Rxc3 21. Rxa8 Bxa8 22. Rb3 Rc4 23. c3 a5 24. Nc2 Bc6 25. Ra3
{[#]} a4 $1 {The simplest. With his rook caged on a3, White cannot win even if
he wins the exchange.} ({But Black could also defend with} 25... Ra4 26. Rxa4
Bxa4 27. Ne3 Ke6 {when White would have no way to break open the fortress.})
26. Nb4 (26. Ne3 {is similar to the game after, say,} g5) 26... Be8 ({Actually,
Black would be out of danger even after} 26... g5 27. Nxc6 Rxc6 28. Rxa4 Rxc3)
27. Nxd5 Ke6 28. Nf4+ ({Or else} 28. Nb6 d5) 28... Kd7 29. Nd5 Kc6 $1 {The
king hurries forward in order to consolidate the fortress on the light squares.
} 30. Ne3 Kb5 31. Nxc4 Kxc4 {The rest of the game was played by pure inertia.}
32. Kf2 d5 33. Ke3 Bd7 34. h4 g6 35. Kd2 h6 36. Ke3 Be8 37. g3 Bd7 38. Ke2 Be8
39. Kd2 Bc6 40. Ke3 Bd7 41. f4 f5 42. Kd2 h5 43. Ke3 1/2-1/2

[Event "Morelia/Linares 24th"]
[Site "Morelia/Linares"]
[Date "2007.03.02"]
[Round "8"]
[White "Leko, Peter"]
[Black "Ivanchuk, Vassily"]
[Result "1/2-1/2"]
[WhiteElo "2749"]
[BlackElo "2750"]
[Annotator "Marin,M"]
[PlyCount "76"]
[EventDate "2007.02.17"]
[EventType "tourn"]
[EventRounds "14"]
[EventCountry "ESP"]
[EventCategory "20"]
[SourceTitle "CBM 117"]
[Source "ChessBase"]
[SourceDate "2007.03.30"]
[SourceVersion "1"]
[SourceVersionDate "2007.03.30"]
[SourceQuality "1"]

1. e4 e6 2. d4 d5 3. Nc3 dxe4 4. Nxe4 Nd7 5. Nf3 Ngf6 6. Bg5 h6 7. Nxf6+ Nxf6
8. Be3 $5 ({More natural looks} 8. Bh4) 8... Nd5 9. Bd3 $5 ({Very provocative.
White allows the dark squares in his camp to be weakened for the sake of rapid
development. The main alternatives are} 9. Qd2) ({and} 9. Bd2) 9... Nxe3 10.
fxe3 Bd6 11. e4 e5 12. dxe5 Bc5 13. Bb5+ c6 14. Qxd8+ Kxd8 15. Bc4 Ke7 16. c3
Be6 17. Bxe6 Kxe6 18. Ke2 Bb6 {White's extra-pawn has no real significance. In
fact, both central pawns are weak. It is hard to understand what Leko was
counting on when heading for this position. Could he have been tempted by the
fact that Fritz prefers White?!} 19. Rhf1 Rhf8 20. Rad1 Rad8 21. Rxd8 Bxd8 22.
Rd1 Bc7 23. Ke3 g6 24. g4 Rd8 25. Rxd8 Bxd8 26. Kf4 c5 27. h3 Bc7 28. h4 f6 29.
c4 Bxe5+ 30. Nxe5 g5+ {The position is dead drawn, but with his last move
Black makes it clear that, if anything, only he can be better.} 31. Ke3 Kxe5
32. h5 a6 33. b3 Kd6 34. Kd3 b6 35. a3 Kc6 36. Kc3 Kd6 37. Kd3 Ke5 38. Ke3 Kd6
1/2-1/2

[Event "EU-ch 17th"]
[Site "Gjakova"]
[Date "2016.05.14"]
[Round "3"]
[White "Ter Sahakyan, Samvel"]
[Black "Jobava, Baadur"]
[Result "0-1"]
[WhiteElo "2601"]
[BlackElo "2661"]
[Annotator "Marin,M"]
[PlyCount "70"]
[EventDate "2016.05.12"]
[EventType "swiss"]
[EventRounds "11"]
[EventCountry "KOS"]
[SourceTitle "CBM 173"]
[Source "ChessBase"]
[SourceDate "2016.07.12"]
[SourceVersion "1"]
[SourceVersionDate "2016.07.12"]
[SourceQuality "1"]

1. e4 e6 2. d4 d5 3. Nc3 dxe4 ({For a few years Jobava has frequently played
another original (or rather less investigated) line,} 3... Nc6 {- Giri,A (2776)
-Jobava,B (2699) Khanty-Mansiysk 2015 CBM 167 [Marin,M] (1-0, 25)   I have
noticed a gradual implementing of this system in his repertoire: he first
tried it in rapid and blitz games, then used it in classical tournaments, too.}
) 4. Nxe4 Bd7 {This is hardly a rare or unusual variation, but Jobava will
turn it into such a few moves later.} 5. Nf3 Bc6 6. Bd3 Nd7 7. O-O (7. Qe2 {
Svidler,P (2734)-Jobava,B (2699) Khanty-Mansiysk 2015 CBM 167 [Pavlovic,M] 
(1-0, 66)}) ({Shortly after the Europeans, Jobava faced two other
continuations during the Eurasian blitz cup in Almaty, where he came in third:
} 7. c4 Ngf6 8. Nc3 Bb4 ({The approved continuation is} 8... Bxf3 9. Qxf3 c5 {
for instance} 10. d5 Ne5 11. Qe2 Nxd3+ 12. Qxd3 exd5 13. cxd5 Bd6 {Short,N 
(2698)-Nguyen,N (2639) Istanbul 2012 (1/2-1/2, 31), with normal play for Black.
}) 9. O-O Bxc3 10. bxc3 O-O 11. Qe2 Re8 12. Re1 b6 13. Bf4 Bxf3 14. Qxf3 c5 15.
Rad1 Qc8 16. g4 $16 {0-1 (64) Mamedov,R (2655)-Jobava,B (2669) Almaty 2016}) (
7. Neg5 Qe7 $5 {A daring pawn sacrifice which eventually turned out well in a
blitz game.} (7... Ngf6) (7... h6) 8. Nxh7 O-O-O 9. Nxf8 Nxf8 10. Qe2 f6 11.
Bd2 g5 {Grischuk,A (2747)-Jobava,B (2669) Almaty 2016 (1/2-1/2, 39); Black's
compensation does not look too threatening but the game ended in a draw.}) 7...
Ngf6 8. Ng3 g6 $5 {As usual, Baadur tries taking the game out of the known
paths as soon as possible. There is not much theory yet after the last move.} (
{The main continuations are:} 8... Be7 {Adams,M (2723)-Kortschnoj,V (2632)
Enghien les Bains 2003 CBM 096 [Finkel,A] (1-0, 30)}) ({and} 8... Bxf3 9. Qxf3
c6 {- Bluvshtein,M (2462)-Rozentalis,E (2619) Montreal 2004 CBM 103 [Finkel,A]
(0-1, 33)}) 9. c4 (9. b3 Bg7 10. Ba3 {looks like a critical continuation,
preventing Black from castling.} Bf8 11. Bb2 (11. Bxf8 Kxf8 12. c4 Kg7 13. Qe2
Bxf3 14. Qxf3 c6 15. Rad1 Qa5 16. Qe2 Rhe8 17. Ne4 Nxe4 18. Bxe4 Nf6 19. Bf3
Rad8 20. Qb2 Rd7 $11 {Nikitenko,M (2377)-Kabanov,N (2489) Kazan 2015 (1/2-1/2,
41), looks like a comfy Caro-Kann.}) 11... Bg7 12. c4 {Of course, White is not
interested in a move repetition at this early stage. The bishops' moving
around has resulted in the gain of one tempo but the white bishop is not
supposed to be so well placed on b2. The opposition along the long diagonal
may favour Black for two reasons. First of all, the g7-bishop will be defended
by the king (while its rival may be hanging at several moments). Secondly,
there may come a pin along the diagonal. This abstract situation is similar to
that in the fianchetto Queen's Indian.} O-O 13. Qe2 b6 (13... Bxf3 14. Qxf3 c6
15. Rfe1 Qa5 16. a3 Rfd8 17. Rad1 Rac8 18. b4 Qc7 19. Bc1 e5 20. Bg5 Re8 21. d5
$16 {1-0 (45) Navara,D (2735)-Kunin,V (2595) Gjakova 2016}) 14. Rad1 Qc8 15.
Ne5 Bb7 16. f4 Re8 17. h4 c5 18. h5 Qc7 {Navara,D (2727)-Jakubiec,A (2528)
Czechia 2015 (½-½, 51), with reasonable play for Black.}) 9... Bg7 10. d5 $5
{A double-edged gambit.} ({One year earlier Jobava met} 10. b4 {with the
original} Nb6 {[%csl Rd4][%cal Gb6a4]} 11. Be3 (11. Bb2 Bxf3 12. Qxf3 $140 Na4
13. Ba3 Qxd4) 11... Ng4 12. Rc1 O-O 13. b5 Bxf3 14. Qxf3 f5 15. Be2 e5 16. dxe5
Qh4 17. h3 Nxe3 18. Qxe3 f4 19. Qe4 Rae8 $36 {Belyakov,B (2482)-Jobava,B (2699)
Sochi 2015 (0-1, 28)}) 10... exd5 11. Re1+ Kf8 12. b3 $146 {Jobava has already
had some experience in this line:} (12. cxd5 {Kasimdzhanov,R (2706)-Jobava,B 
(2717) Tashkent 2014 CBM 163 [Gormally,D] (0-1, 33)}) ({In the comments to the
game above Gormally also examines} 12. Nd4 {Karjakin,S (2772)-Jobava,B (2706)
Loo 2014 (1/2-1/2, 69)}) 12... Kg8 13. Ba3 Nb6 {Clearing some space for the
queen.} (13... dxc4 14. Be7 Qc8 15. Bxc4 Nb6 16. Ne5 Nxc4 17. Nxc6 bxc6 18.
bxc4 h5 19. Qf3 $36 {offers White a strong initiative in an open position.
Black's extra (double) pawn does not matter much.}) 14. Be7 {The most active
continuation.} (14. Ne5 Be8) ({and} 14. c5 Nbd7 15. b4 a6 {don't seem to
bother Black.}) 14... Qd7 15. Bxf6 $6 {This not only leaves Black with a
strong dark-squared bishop, but also helps him with clearing the g7-square for
the king.} (15. Ne5 $5 {leads to interesting complications.} Qxe7 16. Nxc6 {
The position is hard to exhaust analytically but I will investigate only what
I consider the most natural answer.} Qd6 ({On first thoughts, the engines also
give other moves as entirely viable:} 16... Qc5) (16... Qd7) 17. Ne7+ Kf8 18.
c5 {Gaining a tempo for the rook's activation.} Qxc5 19. Rc1 Qd6 20. Ngf5 $1
gxf5 (20... Qd8 {does not spare Black problems:} 21. Qd2 {[%cal Gd2b4]} a5 22.
Nxg7 Kxg7 23. Nf5+ gxf5 24. Qg5+ Kf8 25. Qh6+ Kg8 26. Re3 Qd6 27. Rg3+ Ng4 28.
Qxd6 cxd6 29. Bxf5 h5 30. h3 $14) 21. Nxf5 Qd8 ({Black fails to control b4 for
a long time after} 21... Qf4 22. g3 Qg4 23. Qd2 Ne8 24. h3 $1 Qxh3 25. Qb4+ Kg8
26. Ne7+ Kf8 27. Nxd5+ Kg8 28. Ne7+ Kf8 29. Bb5 $40 {[%cal Gb5e8]}) 22. Qd2 {
[%cal Gd2b4,Gd2g5,Gf5g7]} Ne8 (22... a5 23. Nxg7 Kxg7 24. Qg5+ Kf8 25. Qh6+ Kg8
26. Re3 $18) 23. Rxe8+ Qxe8 24. Qb4+ c5 (24... Kg8 25. Ne7+ Kf8 26. Rxc7 $40)
25. Qxc5+ Kg8 26. Ne7+ Kf8 27. Nxd5+ Kg8 28. Ne7+ Kf8 {White plays with a draw
in his pocket. He could try} 29. Re1 {when Black would be walk on a tightrope}
Nd7 $8 30. Qd6 Ne5 $8 31. Ng6+ Kg8 {and maybe White should take a draw already
as after} 32. Nxe5 Qe6 33. Qxe6 fxe6 34. Bc4 Re8 {his compensation should not
reach for more than a draw anyway.}) ({White's last move was obviously aimed
at preparing c4-c5, since} 15. c5 {is met with} Ne4 16. Nxe4 Qxe7 17. Nd6 {
[%csl Gc5]} Qf6 $17) 15... Bxf6 16. c5 Nc8 17. Ne5 Qd8 $1 (17... Bxe5 $6 {
weakens the king's defence offering White a strong initiative:} 18. Rxe5 Kg7
19. Bf5 $1 Qd8 (19... gxf5 20. Qd4 $18 {[%cal Gg3f5,Gg3h5]}) 20. Qd4 f6 21. Re3
$36 {[%cal Ga1e1,Gf5e6]}) 18. Qg4 Bg7 (18... h5 $5 19. Qf4 Kg7 {looks simpler.}
) 19. h4 h5 20. Qh3 $6 {too passive.} (20. Qf4 Qf6 $1) (20. Qd4 $5 {still
offers compensation since Black is underdeveloped yet. But in principle it is
far from obvious how to fight for the initiative with White.}) 20... Ne7 21.
Re3 Bxe5 (21... d4 $36) 22. Rxe5 Bd7 23. Qh2 {Poor white queen!} Nc6 24. Rg5 (
24. Rxd5 Nb4 25. Rd4 Qf6 26. Rxd7 Qxa1+ 27. Bf1 Re8 $17) 24... Qf6 $17 {
Black is simply a pawn up and has managed to regroup his minor pieces with
gain of time.} 25. Re1 Re8 26. Rxe8+ Bxe8 27. Nf1 Qd4 28. Be2 Nd8 29. Qxc7 Ne6
30. Qe5 Qxh4 31. Rg3 Bc6 {An even more harmonious regrouping.} 32. Bd3 Qf4 33.
Qb2 {The queen does not have a fortunate fate in this game.} ({But the
aggressive} 33. Rxg6+ {doesn't help much either.} fxg6 34. Qxe6+ Qf7 $17) 33...
h4 34. Rf3 Qg5 35. Qb1 Nxc5 $19 {With two pawns down and a passive position
White decided to call it a day.} (35... d4 $19) (35... Nf4 $19) 0-1